| 000 | 00362nam a2200133Ia 4500 | ||
|---|---|---|---|
| 008 | 210210b1970 xxu||||| |||| 00| 0 eng d | ||
| 082 | _a335 SOCT | ||
| 100 | _aSOCIALIST UNION. | ||
| 245 | _aTwentieth century socialism: economy of to-morrow. | ||
| 260 |
_aBombay _bNachiketa Publications Limited _c1970 |
||
| 300 | _a155 | ||
| 690 | _aSocialism | ||
| 906 | _a028863 | ||
| 999 |
_c80095 _d80095 |
||